Christianity in Jewish / (Record no. 5026)
[ view plain ]
| 000 -LEADER | |
|---|---|
| fixed length control field | 04881cam a22005533i 4500 |
| 001 - CONTROL NUMBER | |
| control field | 972009 |
| 003 - CONTROL NUMBER IDENTIFIER | |
| control field | OSt |
| 005 - DATE AND TIME OF LATEST TRANSACTION | |
| control field | 20181219160323.0 |
| 007 - PHYSICAL DESCRIPTION FIXED FIELD--GENERAL INFORMATION | |
| fixed length control field | cr |n||||||||a |
| 008 - FIXED-LENGTH DATA ELEMENTS--GENERAL INFORMATION | |
| fixed length control field | 140915s2000 cou eobd 001 0 eng d |
| 035 ## - SYSTEM CONTROL NUMBER | |
| System control number | (OCoLC)891670720 |
| 035 ## - SYSTEM CONTROL NUMBER | |
| System control number | (VaAlASP)ASP2290371/tcr1 |
| 035 ## - SYSTEM CONTROL NUMBER | |
| System control number | 972009 |
| 040 ## - CATALOGING SOURCE | |
| Original cataloging agency | VaAlASP |
| Language of cataloging | eng |
| Description conventions | rda |
| Transcribing agency | VaAlASP |
| 082 ## - DEWEY DECIMAL CLASSIFICATION NUMBER | |
| Classification number | 220.66 |
| Item number | S296C |
| 100 ## - MAIN ENTRY--PERSONAL NAME | |
| Personal name | Schaeffer, Edith |
| 245 00 - TITLE STATEMENT | |
| Title | Christianity in Jewish / |
| Statement of responsibility, etc. | By Edith Schaeffer. |
| 264 #1 - PRODUCTION, PUBLICATION, DISTRIBUTION, MANUFACTURE, AND COPYRIGHT NOTICE | |
| Place of production, publication, distribution, manufacture | Boulder, CO : |
| Name of producer, publisher, distributor, manufacturer | Perseus Books Group, |
| Date of production, publication, distribution, manufacture, or copyright notice | c1975. |
| 300 ## - PHYSICAL DESCRIPTION | |
| Extent | 1 online resource (xx, 438 pages). |
| 336 ## - CONTENT TYPE | |
| Content type term | text |
| Content type code | txt |
| Source | rdacontent |
| 337 ## - MEDIA TYPE | |
| Media type term | computer |
| Media type code | c |
| Source | rdamedia |
| 338 ## - CARRIER TYPE | |
| Carrier type term | online resource |
| Carrier type code | cr |
| Source | rdacarrier |
| 490 1# - SERIES STATEMENT | |
| Series statement | Twentieth century religious thought |
| 500 ## - GENERAL NOTE | |
| General note | Title from resource description page (viewed September 15, 2014). |
| 504 ## - BIBLIOGRAPHY, ETC. NOTE | |
| Bibliography, etc. note | Includes bibliographical references (page 409), glossary, and index. |
| 505 0# - FORMATTED CONTENTS NOTE | |
| Formatted contents note | What to seek and what to avoid in Jewish-Christian dialogue / David Novak -- Christian-Jewish interactions over the ages / Robert Chazen -- Judaism, Christianity, and partnership after the twentieth century / Irving Greenberg -- Christian theology after the Shoah / Christopher M. Leighton -- The God of Jews and Christians / Peter Ochs -- A Jewish view of the Christian God : some cautionary and hopeful remarks / David Ellenson -- God as Trinitarian : a Christian response to Peter Ochs / David Tracy -- Searching the Scriptures : Jews, Christians, and the book / Michael A. Signer -- The writings and reception of Philo of Alexandria / Hindy Najman -- Postmodern hermeneutics and Jewish-Christian dialogue : a case study / George Lindbeck -- Mitsvah / David Novak -- Another Jewish view of ethics, Christian and Jewish / Elliot N. Dorff -- Christian ethics in Jewish terms : a response to David Novak / Stanley Hauerwas -- Judaism and Christianity : covenants of redemption / Irving Greenberg -- Israel, Judaism, and Christianity / David Fox Sandmel -- Israel and the church : a Christian response to Irving Greenberg's covenantal pluralism / R. Kendall Soulen -- Jewish and Christian liturgy / Lawrence A. Hoffman -- Liturgy and sensory experience / Ruth Langer -- Christian worship : an affair of things as well as words / Robert Louis Wilken -- On the suffering of God's chosen : Christian views in Jewish terms / Leora Batnitzky -- Suspicions of suffering / Robert Gibbs -- The meaning and value of suffering : a Christian response to Leora Batnitzky / John C. Cavadini -- Judaism and incarnation : the imaginal body of God / Elliot R. Wolfson -- The Christian doctrine of the incarnation / Randi Rashkover -- Embodiment and incarnation : a response to Elliot Wolfson / Susan A. Ross -- How ought a Jew view Christian beliefs about redemption? / Menachem Kellner -- Redemption : what I have learned from Christians / Nancy Fuchs-Kreimer -- A Christian view of redemption / Clark Williamson -- "Turn us to you and we shall return" : original sin, atonement, and redemption in Jewish terms / Steven Kepnes -- Exile and return in a world of injustice : a response to Steven Kepnes / Laurie Zoloth -- The lamb of God and the sin of the world / Miroslav Volf -- The image : religious anthropology in Judaism and Christianity / Tikva Frymer-Kensky -- Tselem : toward an anthropopathic theology of image / David R. Blumenthal -- The image of God in Christian faith : vocation, dignity, and redemption / William Schweiker -- What of the future? : A Christian response / George Lindbeck -- What of the future? : A Jewish response / Tikva Frymer-Kensky ... [et al.]. |
| 506 ## - RESTRICTIONS ON ACCESS NOTE | |
| Terms governing access | Off-campus access restricted to current PTS students, faculty, and staff. |
| 533 ## - REPRODUCTION NOTE | |
| Type of reproduction | Electronic reproduction. |
| Place of reproduction | Alexandria, VA : |
| Agency responsible for reproduction | Alexander Street Press, |
| Date of reproduction | 2014. |
| Series statement of reproduction | (Twentieth century religious thought). |
| Note about reproduction | Available via World Wide Web. |
| 546 ## - LANGUAGE NOTE | |
| Language note | This edition in English. |
| 588 ## - SOURCE OF DESCRIPTION NOTE | |
| Source of description note | This record acquired through Alexander Street Press Twentieth Century Thought Christianity Collection. |
| 650 #0 - SUBJECT ADDED ENTRY--TOPICAL TERM | |
| Topical term or geographic name entry element | Judaism |
| General subdivision | Relations |
| -- | Christianity. |
| 650 #0 - SUBJECT ADDED ENTRY--TOPICAL TERM | |
| Topical term or geographic name entry element | Christianity and other religions |
| General subdivision | Judaism. |
| 650 #0 - SUBJECT ADDED ENTRY--TOPICAL TERM | |
| Topical term or geographic name entry element | Judaism (Christian theology) |
| 655 #7 - INDEX TERM--GENRE/FORM | |
| Genre/form data or focus term | Dictionaries. |
| Source of term | lcgft |
| 700 1# - ADDED ENTRY--PERSONAL NAME | |
| Personal name | Frymer-Kensky, Tikva Simone, |
| Relator term | editor. |
| 700 1# - ADDED ENTRY--PERSONAL NAME | |
| Personal name | Novak, David, |
| Dates associated with a name | 1941- |
| Relator term | editor. |
| 700 1# - ADDED ENTRY--PERSONAL NAME | |
| Personal name | Ochs, Peter, |
| Dates associated with a name | 1950- |
| Relator term | editor. |
| 700 1# - ADDED ENTRY--PERSONAL NAME | |
| Personal name | Sandmel, David D. |
| Fuller form of name | (David Fox), |
| Relator term | editor. |
| 700 1# - ADDED ENTRY--PERSONAL NAME | |
| Personal name | Signer, Michael Alan, |
| Relator term | editor. |
| 776 0# - ADDITIONAL PHYSICAL FORM ENTRY | |
| Qualifying information | Original publisher ISBN |
| International Standard Book Number | 9780813365725 |
| 830 #0 - SERIES ADDED ENTRY--UNIFORM TITLE | |
| Uniform title | Twentieth century religious thought. |
| 856 40 - ELECTRONIC LOCATION AND ACCESS | |
| Link text | Full text available online |
| Uniform Resource Identifier | <a href="http://yeshebi.ptsem.edu:2048/login?url=http://www.aspresolver.com/aspresolver.asp?TCR1;2290371">http://yeshebi.ptsem.edu:2048/login?url=http://www.aspresolver.com/aspresolver.asp?TCR1;2290371</a> |
| 910 ## - USER-OPTION DATA (OCLC) | |
| User-option data | JMW 2014-09-22 |
| 942 ## - ADDED ENTRY ELEMENTS (KOHA) | |
| Source of classification or shelving scheme | Dewey Decimal Classification |
| Koha item type | Books |
| 945 ## - LOCAL PROCESSING INFORMATION (OCLC) | |
| a | The Whole World |
| 945 ## - LOCAL PROCESSING INFORMATION (OCLC) | |
| a | MARCIVE20181205 |
| Withdrawn status | Lost status | Source of classification or shelving scheme | Damaged status | Not for loan | Collection code | Home library | Current library | Shelving location | Date acquired | Cost, normal purchase price | Total Checkouts | Full call number | Barcode | Date last seen | Price effective from | Koha item type |
|---|---|---|---|---|---|---|---|---|---|---|---|---|---|---|---|---|
| Dewey Decimal Classification | Non-fiction | Harvest Mission College | Harvest Mission College | General Stacks | 19.12.2018 | 460.00 | 220.66 S296C | 005753 | 19.12.2018 | 19.12.2018 | Books |
